000 00293nam a2200109 4500
999 _c508874
_d508874
082 _aL1x5432 1973-74
100 _aIndia. Finance Department
_91479
245 _aBudget, Haryana, 1973-74
_cby Finance Department
260 _aChandigarh
_bGovernment Press
_c1974
300 _av.p.
942 _2ddc